| 000 | 00493nam a2200181Ia 4500 | ||
|---|---|---|---|
| 001 | 10905 | ||
| 005 | 20260306161906.0 | ||
| 008 | 260306t1992||||xx |||||||||||||| ||spa|| | ||
| 041 | _aESP | ||
| 082 |
_a980.013 _bL562 |
||
| 100 |
_aLockhart, James _eAUT |
||
| 245 | 0 |
_aAmérica latina en la edad moderna: _buna historia de la América española y el Brasil coloniales |
|
| 260 | _c1992 | ||
| 300 |
_a440 páginas : _c22 cm. |
||
| 650 | _aGEN | ||
| 654 | _aCHU | ||
| 942 |
_cLIB _dJUS _fJUS _2ddc _n |
||
| 999 |
_c10905 _d10905 |
||